| 000 | 01222aam a2200361 i 4500 | ||
|---|---|---|---|
| 001 | 68805 | ||
| 003 | Mx-PuUPA | ||
| 005 | 20241007093534.0 | ||
| 008 | 241007s2016 mx a|||gr|||| 00| h spa d | ||
| 020 | _a9786072420717 | ||
| 040 |
_aMx-PuUPA _bspa _cMx-PuUPA _dMx-PuUPA _erda |
||
| 041 | 0 | _aspa | |
| 100 | 1 |
_aSandoval, Alejandro, _d1957- _910645 _eautor |
|
| 245 | 1 | 0 |
_aPara despedir al abuelo / _cAlejandro Sandoval Ávila ; ilustraciones de Harald Molina |
| 250 | _aSegunda edición | ||
| 264 | 1 |
_aMéxico, D.F. : _bSM de Ediciones, _c2016 |
|
| 300 |
_a82 páginas : _bilustraciones ; _c19 cm |
||
| 336 |
_2rdacontent _atexto _btxt |
||
| 336 |
_2rdacontent _aimagen fija _bsti |
||
| 337 |
_2rdamedia _asin medio _bn |
||
| 338 |
_2rdacarrier _avolumen _bnc |
||
| 490 | 1 |
_aEl barco de vapor. Azul ; _v41 M |
|
| 521 | 1 | _a7 + | |
| 650 | 7 |
_2armarc _aAbuelos _xLiteratura infantil |
|
| 650 | 7 |
_2armarc _aCuentos mexicanos |
|
| 650 | 7 |
_2armarc _aNiños _xMuerte |
|
| 700 | 1 |
_aMolina, Harald, _eilustrador |
|
| 830 | 3 |
_aEl barco de vapor. _pAzul _x9789687791760 _v41 M |
|
| 942 |
_2ddc _cLI _h863 _iB2741 |
||
| 999 |
_c68805 _d68805 |
||